000 00834nam a2200229 a 4500
001 9651
003 CO-ViMGA
008 141112s2004 ck r 000 u spa d
020 _a9977962065
040 _aCO-ViMGA
_bspa
_cCO-ViMGA
082 0 4 _a341.481 S978
100 1 _aSwinarski ; Christophe,
_911182
245 1 0 _aPrincipales Nociones e Institutos del Derecho Internacional Humanitario como sistema de protección de la persona Humana
260 _aSan Jose,
_cCosta Rica : Intituto InterAméricano de Derechos Humano,
_c1991
650 1 4 _aCOMITE INTERNACIONAL DE LA CRUZ ROJA
_911183
650 1 4 _aDERECHO DE GINEGRA
_911184
650 1 4 _aDERECHO DE LA HAYA
_911185
650 1 4 _aDERECHO DEL DESARME
_911186
650 1 4 _aDERECHO INTERNACIONAL HUMANITARIO
_911187
650 1 4 _aDERECHO INTERNACIONAL PUBLICO
942 _2ddc
_cBK
999 _c21118
_d21118